Statistiques concernant Pays ou il y a le plus de Néerlandais

Cliquez ici pour prendre le quiz!

Statistiques générales

  • Ce quiz a été pris 219 fois
  • Le résultat moyen est 11 sur 15

Statistiques - réponses

NombrePays% Correct
13 708 618Pays-Bas
99%
120 970Belgique
97%
350 000Allemagne
96%
5 087 191États-Unis
95%
1 000 000France
95%
30 000Danemark
86%
1 000 000Canada
84%
10 000Suède
81%
13 000Norvège
76%
20 000Suisse
70%
335 000Australie
60%
7 000 000Afrique du Sud
46%
15 000Indonésie
39%
100 000Nouvelle-Zélande
32%
15 000Turquie
14%

Distribution des résultats

Percentile par nombre de réponses

% des personnes avec chaque résultat

Votre développement - résultats

Vous n’avez pas pris ce quiz